Taylor Swift - Setlist du 1989 World Tour - Statistiques

Statistiques générales
  • Ce quiz a été pris 95 fois
  • Le résultat moyen est 14 sur 17
Statistiques - réponses
Hint Réponse % Correct
1989 World Tour Setlist Shake It Off
100%
1989 World Tour Setlist Blank Space
93%
1989 World Tour Setlist Style
91%
1989 World Tour Setlist Bad Blood
90%
1989 World Tour Setlist Welcome to New York
90%
1989 World Tour Setlist Out of the Woods
87%
1989 World Tour Setlist Love Story
86%
1989 World Tour Setlist Clean
84%
1989 World Tour Setlist New Romantics
83%
1989 World Tour Setlist Wildest Dreams
83%
1989 World Tour Setlist I Know Places
80%
1989 World Tour Setlist We Are Never Ever Getting Back Together
78%
1989 World Tour Setlist All You Had to Do Was Stay
77%
1989 World Tour Setlist I Knew You Were Trouble
77%
1989 World Tour Setlist How You Get the Girl
74%
1989 World Tour Setlist I Wish You Would
74%
1989 World Tour Setlist This Love
71%
Aucun quiz correspondant
Distribution des résultats
% des personnes avec chaque résultat
Percentile par nombre de réponses
Votre historique - résultats
Vous n’avez pas pris ce quiz